000
00295nam a22001217a 4500
003
SGT
020
_a
9384266914
100
_a
MARATHA, SUSHMA
245
_a
HUMAN ANATOMY & PHYSIOLOGY EXPERIMENTAL MANUAL
260
_a
BIRLA, PUB.
_b
DELHI
_c
2022
650
_a
ANATOMY, PHYSIOLOGY
942
_2
ddc
_c
BK
999
_c
24742
_d
24742